Creating learning communities : A practical guide to winning support, organizing for change, and implementing programs

One of the most powerful ideas in higher education today is transforming campuses into learning communities. At last, Shapiro and Levine have given us--faculty, students, and administrators--a handbook on how to accomplish this. It is one of those too rare and much-needed volumes on translating theo...

詳細記述

保存先:
書誌詳細
第一著者: Shapiro, Nancy S.
フォーマット: 図書
言語:Undetermined
出版事項: San Francisco Jossey-Bass Publishers 1999
主題:
タグ: タグ追加
タグなし, このレコードへの初めてのタグを付けませんか!
Thư viện lưu trữ: Trung tâm Học liệu Trường Đại học Cần Thơ
LEADER 01232nam a2200229Ia 4500
001 CTU_163794
008 210402s9999 xx 000 0 und d
020 |c 34.99 
082 |a 378.1250973 
082 |b S529 
100 |a Shapiro, Nancy S. 
245 0 |a Creating learning communities : 
245 2 |b A practical guide to winning support, organizing for change, and implementing programs 
245 0 |c Nancy S. Shapiro, Jodi H. Levine 
260 |a San Francisco 
260 |b Jossey-Bass Publishers 
260 |c 1999 
520 |a One of the most powerful ideas in higher education today is transforming campuses into learning communities. At last, Shapiro and Levine have given us--faculty, students, and administrators--a handbook on how to accomplish this. It is one of those too rare and much-needed volumes on translating theory into practice by authors who have actually done it." 
650 |a Giảng dạy đại học,Giáo dục làm việc theo nhóm,Đổi mới giáo dục,College teaching,Group work in education,Educational change 
650 |z Hoa Kỳ,Hoa Kỳ,Hoa Kỳ,United States,United States,United States 
904 |i Qhieu 
980 |a Trung tâm Học liệu Trường Đại học Cần Thơ